ANALYZING DATA WITH MICROSOFT POWER BI A (Record no. 29378)

MARC details
000 -LEADER
fixed length control field 00308nam a2200121Ia 4500
008 - FIXED-LENGTH DATA ELEMENTS--GENERAL INFORMATION
fixed length control field 240624s9999 xx 000 0 und d
041 ## - LANGUAGE CODE
Language code of text/sound track or separate title eng
082 ## - DEWEY DECIMAL CLASSIFICATION NUMBER
Classification number 005.54 FER
100 ## - MAIN ENTRY--PERSONAL NAME
Personal name FERRARI ALBERTO
245 ## - TITLE STATEMENT
Title ANALYZING DATA WITH MICROSOFT POWER BI A
260 ## - PUBLICATION, DISTRIBUTION, ETC.
Date of publication, distribution, etc. 2017
Place of publication, distribution, etc. Washington
Name of publisher, distributor, etc. Microsoft
365 ## - TRADE PRICE
Currency code RS
Holdings
Withdrawn status Lost status Damaged status Not for loan Home library Current library Shelving location Date acquired Cost, normal purchase price Total Checkouts Total Renewals Full call number Barcode Date last seen Date last checked out Price effective from Koha item type
        IMTN IMTN Rack 3-A 10/12/2017 1360.00 1 1 005.54 FER 29378 08/26/2024 08/07/2024 06/24/2024 Books
Designed & Maintained by: LRC IMT Nagpur Contact: lrc@imtnag.ac.in© 2024. All Rights Reserved.